<?xml version='1.0' encoding='UTF-8'?>
  <record xmlns="http://www.loc.gov/MARC21/slim">
    <leader>00000cam a22000007i 4500</leader>
    <controlfield tag="001">ocn781897870</controlfield>
    <controlfield tag="003">OCoLC</controlfield>
    <controlfield tag="005">20250728035511.3</controlfield>
    <controlfield tag="008">880202s1922    ne            000 0 ger d</controlfield>
    <datafield tag="040" ind1=" " ind2=" ">
      <subfield code="a">NLGGC</subfield>
      <subfield code="b">dut</subfield>
      <subfield code="e">fobidrtb</subfield>
      <subfield code="c">NLGGC</subfield>
      <subfield code="d">OCLCO</subfield>
      <subfield code="d">OCLCQ</subfield>
      <subfield code="d">OCLCL</subfield>
      <subfield code="d">OCLCQ</subfield>
      <subfield code="d">OCLCL</subfield>
    </datafield>
    <datafield tag="029" ind1="0" ind2=" ">
      <subfield code="a">NLGGC</subfield>
      <subfield code="b">043990932</subfield>
    </datafield>
    <datafield tag="035" ind1=" " ind2=" ">
      <subfield code="a">(OCoLC)781897870</subfield>
    </datafield>
    <datafield tag="082" ind1="0" ind2="4">
      <subfield code="a">555</subfield>
      <subfield code="q">OCoLC</subfield>
      <subfield code="2">22/eng/20230216</subfield>
      <subfield code="1">https://id.oclc.org/worldcat/ddc/E3dmtbxX6j9BJ66gDDMBdRQMh8</subfield>
    </datafield>
    <datafield tag="100" ind1="1" ind2=" ">
      <subfield code="a">Wichmann, Arthur</subfield>
      <subfield code="q">(Carl Ernst Arthur),</subfield>
      <subfield code="d">1851-1927.</subfield>
      <subfield code="1">https://id.oclc.org/worldcat/entity/E39PBJdx37bmwcWp3Wk8bGJJjC</subfield>
    </datafield>
    <datafield tag="245" ind1="1" ind2="4">
      <subfield code="a">Die Erdbeben des Indischen Archipels von 1858 bis 1877 /</subfield>
      <subfield code="c">von Arthur Wichmann.</subfield>
    </datafield>
    <datafield tag="260" ind1=" " ind2=" ">
      <subfield code="a">Amsterdam :</subfield>
      <subfield code="b">Koninklijke Akademie van Wetenschappen,</subfield>
      <subfield code="c">1922.</subfield>
    </datafield>
    <datafield tag="300" ind1=" " ind2=" ">
      <subfield code="a">209 p. ;</subfield>
      <subfield code="c">26 cm.</subfield>
    </datafield>
    <datafield tag="336" ind1=" " ind2=" ">
      <subfield code="a">tekst</subfield>
      <subfield code="b">txt</subfield>
      <subfield code="2">rdacontent/dut</subfield>
    </datafield>
    <datafield tag="337" ind1=" " ind2=" ">
      <subfield code="a">zonder medium</subfield>
      <subfield code="b">n</subfield>
      <subfield code="2">rdamedia/dut</subfield>
    </datafield>
    <datafield tag="338" ind1=" " ind2=" ">
      <subfield code="a">band</subfield>
      <subfield code="b">nc</subfield>
      <subfield code="2">rdacarrier/dut</subfield>
    </datafield>
    <datafield tag="490" ind1="1" ind2=" ">
      <subfield code="a">Verhandelingen der Koninklijke Akademie van Wetenschappen te Amsterdam.</subfield>
      <subfield code="a">Tweede sectie ;</subfield>
      <subfield code="v">Dl. 22, nr. 5</subfield>
    </datafield>
    <datafield tag="504" ind1=" " ind2=" ">
      <subfield code="a">Index.</subfield>
    </datafield>
    <datafield tag="530" ind1=" " ind2=" ">
      <subfield code="a">Titel wordt gedigitaliseerd voor de Koninklijke Bibliotheek in het kader van Metamorfoze.</subfield>
    </datafield>
    <datafield tag="758" ind1=" " ind2=" ">
      <subfield code="a">&#152;Die&#156; Erdbeben des Indischen Archipels von 1858 bis 1877 (Text)</subfield>
      <subfield code="1">https://id.oclc.org/worldcat/entity/E39PCG3rrXMbYBpCWV7rH8DW9P</subfield>
      <subfield code="4">https://id.oclc.org/worldcat/ontology/hasWork</subfield>
    </datafield>
    <datafield tag="776" ind1="0" ind2=" ">
      <subfield code="t">Die Erdbeben des Indischen Archipels von 1858 bis 1877</subfield>
      <subfield code="w">(NL-LeOCL)429669119</subfield>
    </datafield>
    <datafield tag="830" ind1=" " ind2="0">
      <subfield code="a">Verhandelingen der Koninklijke Akademie van Wetenschappen.</subfield>
      <subfield code="n">Tweede sectie,</subfield>
      <subfield code="p">Plantkunde, dierkunde, aardkunde, delfstofkunde, ontleedkunde, physiologie, gezondheidsleer, en ziektekunde ;</subfield>
      <subfield code="v">Dl. 22, nr. 5.</subfield>
      <subfield code="x">2405-4305</subfield>
      <subfield code="w">(NL-LeOCL)831682280</subfield>
    </datafield>
    <datafield tag="936" ind1=" " ind2=" ">
      <subfield code="a">BATCHLOAD</subfield>
    </datafield>
  </record>